| 000 | 00751nam a2200193 a 4500 | ||
|---|---|---|---|
| 001 | 000045334 | ||
| 005 | 20201002050055.0 | ||
| 008 | 150303s2014 dr ac 000 0 spa d | ||
| 040 |
_aDO-SdBNP _bspa _cBNPHU |
||
| 082 |
_axxxx _bxxxx |
||
| 100 | 1 |
_aCruz, Modesta de la _973358 |
|
| 245 | 1 | 0 |
_aGuía para congresos / _cModesta de la Cruz ; prólogo Blanca Odette García-Peguero ; introducción Marina Orsini Pérez. |
| 260 |
_aSanto Domingo : _b[s. n.], _c[2014]. |
||
| 300 |
_a82 p. : _bil., retrs. ; _c28 cm. |
||
| 504 | _aBibliografía : p. 81-82 | ||
| 500 | _aIncluye datos biográficos de la autora en la solapa de la contracubierta | ||
| 700 | 1 | 2 |
_aGarcía-Peguero, Blanca Odette, _epról. _955987 |
| 700 | 1 | 2 |
_aOrsini Pérez, Marina, _eintrod. _973359 |
| 999 |
_c44823 _d44823 |
||